| 000 | 00478nam a2200181 a 4500 | ||
|---|---|---|---|
| 005 | 20140310183239.0 | ||
| 008 | 040804s19uu xx 00 eng d | ||
| 020 | _a0500282382 | ||
| 050 |
_aTT 504.6 _b.B85 2000 |
||
| 100 | _aBullis, Douglas | ||
| 245 |
_aFashion Asia / _cDouglas Bullis. |
||
| 260 |
_bThames & Hudson, _c2000. |
||
| 300 |
_a208 p. : _bill. col. ; _c26 cm. |
||
| 650 |
_aFasion design _xAsia. |
||
| 942 |
_cBK _2lcc _kFOR |
||
| 999 |
_c20588 _d20588 |
||